000 01262cam a2200325 a 4500
999 _c128362
_d128362
001 3522565
003 ARRUPE
005 20181012091838.0
008 960229s1994 ke 000 0deng
010 _a 95982266
020 _a9966211055
040 _aDLC
_cDLC
_dDLC
042 _alcode
043 _afb-----
050 0 0 _aBX1680.3
_b.H3613 1994
082 0 0 _a282/.67
_221
100 1 _aHäring, Bernhard,
_d1912-1998.
_942861
245 1 0 _aI have learnt with wonder :
_bmy experiences with the church in Africa /
_cBernhard Häring.
260 _aNairobi, Kenya :
_bSt. Paul Publications-Africa,
_c1994.
300 _a96 p. ;
_c21 cm.
500 _aOriginal title: Ich habe mit offenen Augen gelernt : meine Erfahrung mit einer anderen Kirche.
600 1 0 _aHäring, Bernhard,
_d1912-1998
_xTravel
_zAfrica, Sub-Saharan.
_942862
610 2 0 _aCatholic Church
_zAfrica, Sub-Saharan.
_942863
651 0 _aAfrica, Sub-Saharan
_xDescription and travel.
_95509
906 _a7
_bcbc
_corigode
_d3
_encip
_f19
_gy-gencatlg
942 _2lcc
_cMONOGRAPH